| 000 | 00384nam a22001577a 4500 | ||
|---|---|---|---|
| 003 | OSt | ||
| 020 | _a8176560936 | ||
| 040 | _c0 | ||
| 082 |
_222 _a005.74 |
||
| 100 | _aRibinson, Celeste and Simpson, Alan. | ||
| 245 | _aMastering access 2000 / | ||
| 260 |
_aNew Delhi _bBPB Publication, _cc2006. |
||
| 300 |
_axxxvi, 1162 p. ; _bill. ; _c24 cm. |
||
| 942 |
_2ddc _cIT |
||
| 999 |
_c130 _d130 |
||
| 999 |
_c172 _d172 |
||